00867nam a2200217 a 4500001001000000003000500010005001700015008004100032010001100073011001100084040000900095100002500104245019000129260004100319500006000360502006900420650003700489650003300526650002100559856006900580000113733CHAP20220329144410.0170913s2017 mx sm |||||||spa d a110194 a111166 cCHAP1 aPérez Cruz, José10aEvaluación de técnicas culturales para la cosecha de agua en la producción sostenible de frijol (Plaseolus vulgaris L.) en el Estado de Durangoh[En línea]cJosé Pérez Cruz. aChapingo, Méx. :bEl autor,c2017. aPara ver el contenido del material haga clic en la liga aTesis (Ing. Agr. Esp. en Suelos) -- UACH. Departamento de Suelos14aFrijolxAgricultura de temporal.14aFrijolxSistemas de cultivo.14aSuelosxHumedad. aFinding aiduhttp://10.13.5.2/tesis/sist113733pdfzTeclea aquí